000
00297nam a2200109Ia 4500
008
200302s9999 xx 000 0 und d
100
_a
P.K. Das A.R. Ramanathan
245
_a
An Introduction to Seismic Safety in Architectrue
260
_b
Design directions Pvt. Ltd.
260
_c
2007
300
_a
54
999
_c
3677
_d
3677